000 01203cam a2200229 4500
001 ABS64982
008 020128n2001 000 0 eng u
035 _a(Sirsi) u116498
100 _aBrewer, G
245 _aGeoff Brewer of Brewer Consulting considers the ownership of plant following receivership
260 _c2001
490 _aContract Journal
_v411(6356) 5 December 2001, 21(1)
520 _aDiscusses the case "Smith (Administrator of Cosslett Ltd (contractors)) v Bridgend County Borough Council" which raised the issue of whether the ICE Conditions give effective transfer of title in constructional plant following the insolvency of the contractor. Considers the implication that the standard wording of the ICE Contracts does not transfer title to the employer but instead creates a 'floating charge' which will be ineffective unless registered under the Companies Act.
590 _aABS
650 _aICE FORMS OF CONTRACT
650 _aSMITH (ADMINISTRATOR OF COSLETT LTD (CONTRACTORS)) V BRIDGEND CBC
650 _aOWNERSHIP
650 _aTRANSFER OF TITLE
650 _aCONSTRUCTIONAL PLANT
690 _aBUILDING AND CONSTRUCTION-CONTRACTS-OTHER CONTRACTS
942 _n0
999 _c69370
_d69370